Textbook on The Indian Penal Code / (Record no. 22619)

MARC details
000 -LEADER
fixed length control field 01039nam a2200277 a 4500
005 - DATE AND TIME OF LATEST TRANSACTION
control field 20060614174322.0
008 - FIXED-LENGTH DATA ELEMENTS--GENERAL INFORMATION
fixed length control field 051129s2005 ii ab b 001 0 eng
010 ## - LCCN (DPL NO)
LC control number ENG-92692
020 ## - INTERNATIONAL STANDARD BOOK NUMBER
International Standard Book Number 9788175347038
Terms of availability 395.00
035 ## - SYSTEM CONTROL NUMBER
System control number EN-76225
037 ## - SOURCE OF ACQUISITION
Source of stock number/acquisition DBAD / PUB
040 ## - CATALOGING SOURCE
Original cataloging agency dpl
Language of cataloging English
082 ## - DEWEY DECIMAL CLASSIFICATION NUMBER
Classification number 345.54
100 ## - MAIN ENTRY--PERSONAL NAME
Personal name Gaur, K.D.
245 ## - TITLE STATEMENT
Title Textbook on The Indian Penal Code /
Statement of responsibility, etc by K.D. Gaur; forewarded by V.N. Khare
250 ## - EDITION STATEMENT
Edition statement 4th thoroughly rev. and updated ed.
260 ## - PUBLICATION, DISTRIBUTION, ETC. (IMPRINT)
Place of publication, distribution, etc Delhi
Name of publisher, distributor, etc Universal Law Publishing
Date of publication, distribution, etc 2009
270 ## - ADDRESS
Address C-FF-1A, Dilkhush Industrial Estate, (Opp. Hans Cinema, Azadpur) G.T Karnal Road,
City Delhi
Postal code 110033
300 ## - PHYSICAL DESCRIPTION
Extent cxxvi, 935p.
Dimensions 23cm (pbk)
504 ## - BIBLIOGRAPHY, ETC. NOTE
Bibliography, etc Includes index.
610 ## - SUBJECT ADDED ENTRY--CORPORATE NAME
Corporate name or jurisdiction name as entry element India. Indian Penal Code
650 ## - SUBJECT ADDED ENTRY--TOPICAL TERM
Topical term or geographic name as entry element Criminal laws
General subdivision India
700 ## - ADDED ENTRY--PERSONAL NAME
Personal name Khare, V.N.
942 ## - ADDED ENTRY ELEMENTS (KOHA)
Source of classification or shelving scheme Dewey Decimal Classification
Item type English Books
Call number suffix GAU
Classification part 345.54
Holdings
Withdrawn status Lost status Source of classification or shelving scheme Damaged status Not for loan Collection code Home library Current library Date acquired Source of acquisition Cost, normal purchase price Total Checkouts Full call number Barcode Date last seen Copy number Cost, replacement price Koha item type
    Dewey Decimal Classification   Not For Loan Non-fiction D.B.Act.Division D.B.Act.Division 30/01/2009 DBAD / PUB 395.00   GAU EN-76225 30/01/2009 1 395.00 English Books

© Delhi Public Library
Hit Counter
free hit counter